000 00708nam a2200289Ia 4500
005 20260324143903.0
008 008 260324s9999 xx 000 0 eng d
020 _a9780429183072
037 _aEBOOK
040 _aCRL
040 _beng
040 _cCRL
041 _2eng
041 _aeng
084 _qCRL
100 _aH. Gill; Mr D I E Jones; J.L. Watson; D.I.E. Jones
_91217301
245 0 _aSpon's Quarry Guide
245 0 _bTo the British hard rock industry
260 _bTaylor and Francis
260 _c1990
365 _a
365 _b880
856 _uhttp://www.taylorfrancis.com/books/9780429183072
942 _cEBOOK
999 _c1823221
_d1823221